[Event "Catalunya-ch Seniors"]
[Site "Malgrat del Mar"]
[Date "2023.05.19"]
[Round "6"]
[White "Garcia Garrido, Ferran"]
[Black "Gensana Berzunces, Joan"]
[Result "0-1"]
[WhiteElo "2020"]
[BlackElo "1805"]
[PlyCount "56"]
[EventDate "2023.05.14"]
[EventType "swiss"]
[EventRounds "8"]
[EventCountry "ESP"]
[SourceTitle "CBM 214 Extra"]
[Source "ChessBase"]
[SourceDate "2023.07.31"]
[SourceVersion "1"]
[SourceVersionDate "2023.07.31"]
[SourceQuality "1"]

1. d4 Nf6 2. c4 e6 3. Nc3 Bb4 4. f3 c5 5. a3 Bxc3+ 6. bxc3 d5 7. cxd5 exd5 8. e3 Bf5 9. Ne2 0-0 10. Nf4 Nc6 11. g4 Be6 12. h4 cxd4 13. cxd4 Re8 14. Kf2 Rc8 15. Bd2 Na5 16. Bd3 Nc4 17. Rb1 b6 18. Nxe6 fxe6 19. h5 Rf8 20. Kg2 Qe8 21. Qe2 Nxd2 22. Qxd2 e5 23. Bf5 Rc4 24. Bd3 Rc7 25. Qa2 e4 26. fxe4 Nxg4 27. Qxd5+ Kh8 28. Rb2 Nxe3+ 0-1

[Event "Catalunya-ch Seniors"]
[Site "Malgrat del Mar"]
[Date "2023.05.15"]
[Round "2"]
[White "Jucla Esteve, Francisco Javier"]
[Black "Gensana Berzunces, Joan"]
[Result "1/2-1/2"]
[WhiteElo "1420"]
[BlackElo "1805"]
[PlyCount "33"]
[EventDate "2023.05.14"]
[EventType "swiss"]
[EventRounds "8"]
[EventCountry "ESP"]
[SourceTitle "CBM 214 Extra"]
[Source "ChessBase"]
[SourceDate "2023.07.31"]
[SourceVersion "1"]
[SourceVersionDate "2023.07.31"]
[SourceQuality "1"]

1. d4 Nf6 2. Bg5 Ne4 3. Bh4 d5 4. f3 Nd6 5. e3 c6 6. Bd3 Bf5 7. Nc3 Bxd3 8. Qxd3 Qb6 9. Rb1 Qa6 10. Qd2 Nc4 11. Qf2 e6 12. Nge2 Bb4 13. Qg3 0-0 14. Bf6 g6 15. h4 Nd7 16. Bg5 Bd6 17. f4 1/2-1/2

[Event "Catalunya-ch Seniors"]
[Site "Santa Susanna"]
[Date "2019.05.24"]
[Round "7"]
[White "Gensana Berzunces, Joan"]
[Black "Palacin Martin, Ricardo"]
[Result "1/2-1/2"]
[WhiteElo "1910"]
[BlackElo "2016"]
[PlyCount "27"]
[EventDate "2019.05.18"]
[EventType "swiss"]
[EventRounds "9"]
[EventCountry "ESP"]
[SourceTitle "CBM 190 Extra"]
[Source "ChessBase"]
[SourceDate "2019.07.15"]
[SourceVersion "1"]
[SourceVersionDate "2019.07.15"]
[SourceQuality "1"]

1. e4 c5 2. Nf3 Nc6 3. d4 cxd4 4. Nxd4 d6 5. c4 g6 6. Nc3 Bg7 7. Be3 Nf6 8. Be2 0-0 9. 0-0 Bd7 10. f3 Qb6 11. Na4 Qa5 12. Nxc6 Bxc6 13. Nc3 Nd7 14. Bd4 1/2-1/2

[Event "Lleida-ch"]
[Site "Almenar"]
[Date "2018.11.25"]
[Round "8"]
[White "Sole Pijuan, Ferran"]
[Black "Gensana Berzunces, Joan"]
[Result "0-1"]
[WhiteElo "2229"]
[BlackElo "1914"]
[PlyCount "200"]
[EventDate "2018.09.30"]
[EventType "swiss"]
[EventRounds "9"]
[EventCountry "ESP"]
[SourceTitle "CBM 187 Extra"]
[Source "ChessBase"]
[SourceDate "2018.11.04"]
[SourceVersion "1"]
[SourceVersionDate "2018.11.04"]
[SourceQuality "1"]

1. d4 Nf6 2. c4 e6 3. Nc3 c5 4. d5 exd5 5. cxd5 d6 6. Nf3 g6 7. Bf4 Bg7 8. Qa4+ Bd7 9. Qb3 Qc7 10. h3 0-0 11. e3 a6 12. a4 Re8 13. Bd3 Bc8 14. 0-0 Nbd7 15. Rfc1 Nh5 16. Bh2 Ne5 17. Be2 Nxf3+ 18. Bxf3 Nf6 19. Qc2 Nd7 20. Be2 f5 21. Qd2 Be5 22. a5 Qd8 23. Na4 Rb8 24. Bxe5 Rxe5 25. b4 cxb4 26. Qxb4 Qf8 27. Ra2 Kh8 28. Rac2 Nf6 29. Nb6 Re8 30. Rc7 f4 31. Qxf4 Bf5 32. Qd4 Kg8 33. f3 Re7 34. e4 Bd7 35. Qb4 Rf7 36. Bd3 Be8 37. Bb1 Nd7 38. Nxd7 Rxd7 39. Ba2 Rxc7 40. Rxc7 Qf4 41. Qc3 Bf7 42. e5 Qxe5 43. Qxe5 dxe5 44. d6 Bxa2 45. d7 Be6 46. Rxb7 Rd8 47. Rb6 Kf7 48. Rxa6 Rxd7 49. Rb6 Ra7 50. a6 Bc8 51. Rb5 Ke6 52. Rb6+ Kd5 53. Rb5+ Ke6 54. Rb6+ Kd5 55. Rb1 Bxa6 56. Ra1 Ra8 57. Re1 Kd4 58. Ra1 g5 59. Ra4+ Kd5 60. h4 gxh4 61. Rxh4 Bd3 62. Rb4 Ra1+ 63. Kh2 Rb1 64. Rg4 Rb7 65. Rg5 Rf7 66. Kg1 Kd4 67. Kf2 Rf4 68. Rg7 Rf6 69. Rd7+ Kc3 70. Ke3 Bg6 71. Rc7+ Kb4 72. g3 Rd6 73. Re7 Rd5 74. Rc7 Rc5 75. Rb7+ Kc3 76. Rb8 Kc2 77. Rf8 Rc3+ 78. Ke2 Rc4 79. Rd8 e4 80. fxe4 Rxe4+ 81. Kf3 Kc3 82. Rf8 Kd3 83. Rd8+ Rd4 84. Rb8 Bf5 85. Kf2 Bg4 86. Rb3+ Kc4 87. Ra3 Re4 88. Ra4+ Kd5 89. Ra5+ Ke6 90. Ra2 Rc4 91. Ra6+ Kf5 92. Rh6 Rc2+ 93. Kg1 Rc7 94. Kf2 Kg5 95. Rb6 Rc2+ 96. Kg1 Bf3 97. Rb8 Kg4 98. Rg8+ Kh3 99. Kf1 h5 100. Rg5 Bg4 0-1

[Event "Lleida Province-ch"]
[Site "Lleida"]
[Date "2012.11.11"]
[Round "7"]
[White "Barbero Sendic, Alejandro"]
[Black "Gensana Berzunces, Joan"]
[Result "1-0"]
[WhiteElo "2348"]
[BlackElo "1969"]
[PlyCount "63"]
[EventDate "2012.10.07"]
[EventType "swiss"]
[EventRounds "9"]
[EventCountry "ESP"]
[SourceTitle "EXT 2015"]
[Source "ChessBase"]
[SourceDate "2014.11.20"]
[SourceVersion "1"]
[SourceVersionDate "2014.11.20"]
[SourceQuality "1"]

1. e4 e5 2. f4 Nf6 3. Nc3 d5 4. exd5 Nxd5 5. Nf3 Nxc3 6. bxc3 e4 7. Ne5 Nd7 8. Bc4 Nxe5 9. fxe5 Qh4+ 10. g3 Qe7 11. Qe2 Qxe5 12. 0-0 Bc5+ 13. Kg2 f6 14. d4 exd3 15. Bf7+ Ke7 16. Qxe5+ fxe5 17. Bg5+ Kd7 18. cxd3 b6 19. Bd5 c6 20. Be4 h6 21. Bd2 Bf8 22. c4 Rb8 23. Rf7+ Ke6 24. Rxa7 Bd7 25. Rf1 Rd8 26. Be3 c5 27. Bd5+ Kd6 28. d4 cxd4 29. Bc1 e4 30. Ba3+ Ke5 31. Bxf8 Bh3+ 32. Kxh3 1-0

[Event "Lleida Province-ch"]
[Site "Lleida"]
[Date "2012.11.01"]
[Round "5"]
[White "Gensana Berzunces, Joan"]
[Black "Torrelles Hornos, Robert"]
[Result "1-0"]
[WhiteElo "1969"]
[BlackElo "1785"]
[PlyCount "43"]
[EventDate "2012.10.07"]
[EventType "swiss"]
[EventRounds "9"]
[EventCountry "ESP"]
[SourceTitle "EXT 2015"]
[Source "ChessBase"]
[SourceDate "2014.11.20"]
[SourceVersion "1"]
[SourceVersionDate "2014.11.20"]
[SourceQuality "1"]

1. e4 g6 2. d4 Bg7 3. Nc3 d6 4. f4 a6 5. Nf3 Nd7 6. Bd3 b5 7. Be3 Bb7 8. e5 e6 9. 0-0 Ne7 10. Ne4 d5 11. Neg5 h6 12. Nh3 0-0 13. Qe1 Nf5 14. Bf2 Rc8 15. b4 Nb6 16. g4 Ne7 17. Bh4 Nd7 18. f5 g5 19. Bxg5 hxg5 20. Nfxg5 Re8 21. Nxf7 Kxf7 22. Ng5+ 1-0

[Event "Balaguer op 17th"]
[Site "Balaguer"]
[Date "2012.06.17"]
[Round "2"]
[White "Gensana Berzunces, Joan"]
[Black "Vera Balague, Gabriel"]
[Result "1/2-1/2"]
[WhiteElo "2001"]
[BlackElo "2031"]
[PlyCount "98"]
[EventDate "2012.06.16"]
[EventType "swiss"]
[EventRounds "9"]
[EventCountry "ESP"]
[SourceTitle "EXT 2013"]
[Source "ChessBase"]
[SourceDate "2012.11.22"]
[SourceVersion "1"]
[SourceVersionDate "2012.11.22"]
[SourceQuality "1"]

1. e4 Nf6 2. e5 Nd5 3. c4 Nb6 4. c5 Nd5 5. Nc3 c6 6. Bc4 Nxc3 7. dxc3 d5 8. cxd6 exd6 9. Bf4 d5 10. Bb3 Be6 11. Nf3 Nd7 12. Nd4 Qh4 13. Qd2 Bc5 14. 0-0 Bxd4 15. cxd4 h6 16. Rac1 Qe7 17. Be3 g5 18. f4 gxf4 19. Bxf4 0-0-0 20. Rf3 Rdg8 21. Qa5 Kb8 22. Ba4 Nb6 23. Bb3 h5 24. Qd2 h4 25. a4 Ka8 26. Qc3 Rg4 27. Bd1 Rhg8 28. Rf2 R4g7 29. a5 Nc4 30. b3 Na3 31. a6 bxa6 32. Qxc6+ Qb7 33. Qa4 Nb5 34. Rfc2 Bf5 35. Rf2 Be4 36. g3 Qb6 37. Rc5 hxg3 38. hxg3 Rh7 39. Kf1 Rh1+ 40. Ke2 Rxd1 41. Kxd1 Qxc5 42. dxc5 Nc3+ 43. Kc1 Nxa4 44. bxa4 Kb7 45. Rb2+ Kc6 46. Kd2 Kxc5 47. Rb7 Bg6 48. Rxa7 d4 49. Rxa6 Rb8 1/2-1/2

[Event "Catalunya-chT"]
[Site "Catalunya"]
[Date "2012.02.18"]
[Round "4.10"]
[White "Gensana Berzunces, Joan"]
[Black "Carrasco Rodriguez, Jesus"]
[Result "1/2-1/2"]
[WhiteElo "2005"]
[BlackElo "2171"]
[PlyCount "112"]
[EventDate "2012.01.28"]
[EventType "team-tourn"]
[EventRounds "11"]
[EventCountry "ESP"]
[SourceTitle "EXT 2013"]
[Source "ChessBase"]
[SourceDate "2012.11.22"]
[SourceVersion "1"]
[SourceVersionDate "2012.11.22"]
[SourceQuality "1"]
[WhiteTeam "Lleida"]
[BlackTeam "Montcada"]
[WhiteTeamCountry "ESP"]
[BlackTeamCountry "ESP"]

1. e4 c5 2. Nf3 d6 3. d4 cxd4 4. Nxd4 Nf6 5. Nc3 a6 6. Bg5 e6 7. g3 Be7 8. Qd2 Nbd7 9. Be2 Qc7 10. h4 b5 11. a3 Bb7 12. Bf3 Ne5 13. Qe2 Nxf3+ 14. Nxf3 h6 15. Bd2 d5 16. exd5 Nxd5 17. Nxd5 Bxd5 18. 0-0 Qxc2 19. Nd4 Qh7 20. Rac1 0-0 21. Rfe1 Bf6 22. Bc3 Bxh4 23. Qg4 Bf6 24. f4 h5 25. Qe2 Rac8 26. Kh2 h4 27. g4 h3 28. Qf1 Qh4 29. Qe2 Rfd8 30. Red1 Bxd4 31. Rxd4 Bb3 32. Qe5 f6 33. Rxd8+ Rxd8 34. Qe3 Bc4 35. Qg3 Qxg3+ 36. Kxg3 Rd3+ 37. Kh2 Rf3 38. g5 Kf7 39. gxf6 gxf6 40. Rd1 Bf1 41. Rd4 Rf2+ 42. Kh1 Be2 43. Kg1 h2+ 44. Kxf2 h1Q 45. Kxe2 Kg6 46. a4 Qg2+ 47. Kd3 Qg3+ 48. Kc2 Qg2+ 49. Kb3 Kf5 50. axb5 axb5 51. Rb4 Qf1 52. Rd4 e5 53. fxe5 fxe5 54. Rd6 e4 55. Rd4 Qf3 56. Kc2 e3 1/2-1/2

[Event "Lleida-ch Seniors"]
[Site "Lleida"]
[Date "2012.??.??"]
[Round "4"]
[White "Mora Amella, Joan"]
[Black "Gensana Berzunces, Joan"]
[Result "1/2-1/2"]
[WhiteElo "1980"]
[BlackElo "2098"]
[PlyCount "52"]
[EventDate "2012.10.06"]
[EventType "tourn"]
[EventRounds "5"]
[EventCountry "ESP"]
[SourceTitle "EXT 2024"]
[Source "ChessBase"]
[SourceDate "2023.10.10"]
[SourceVersion "1"]
[SourceVersionDate "2023.10.10"]
[SourceQuality "1"]

1. c4 Nf6 2. d4 c5 3. e3 cxd4 4. exd4 d5 5. Nc3 e6 6. cxd5 Nxd5 7. Nf3 Be7 8. Bd3 Nd7 9. 0-0 0-0 10. Nxd5 exd5 11. Bf4 Nf6 12. Rc1 Bd6 13. Ne5 Qb6 14. Rc2 Be6 15. Qd2 Rac8 16. Rfc1 Rxc2 17. Rxc2 Rc8 18. Be3 Rxc2 19. Qxc2 Qc7 20. Qxc7 Bxc7 21. h3 a6 22. Bc2 Ne4 23. f3 Nd6 24. Nd3 Nc4 25. Kf2 Nxe3 26. Kxe3 b6 1/2-1/2

[Event "Balaguer op 16th "]
[Site "Balaguer"]
[Date "2011.07.23"]
[Round "7"]
[White "Gensana Berzunces, Joan"]
[Black "Barbosa Martinez, Marcel"]
[Result "1-0"]
[WhiteElo "2013"]
[BlackElo "1762"]
[PlyCount "65"]
[EventDate "2011.07.17"]
[EventType "swiss"]
[EventRounds "9"]
[EventCountry "ESP"]
[SourceTitle "CBM 143 Extra"]
[Source "ChessBase"]
[SourceDate "2011.08.29"]
[SourceVersion "1"]
[SourceVersionDate "2011.08.29"]
[SourceQuality "1"]

1. e4 c6 2. Nc3 d5 3. Nf3 d4 4. Ne2 c5 5. c3 dxc3 6. bxc3 Nc6 7. Ng3 g6 8. Bc4 Bg7 9. Rb1 e6 10. 0-0 Nge7 11. Bb2 0-0 12. d4 cxd4 13. cxd4 Na5 14. Be2 b6 15. Qd2 Bb7 16. Rfd1 Rc8 17. Rbc1 Rxc1 18. Rxc1 Qd7 19. Bc3 Nac6 20. Bc4 Rc8 21. h4 Nb8 22. Bb3 Bc6 23. h5 Ba4 24. h6 Bxb3 25. hxg7 Ba4 26. Ne5 Qd6 27. Qh6 f6 28. Ng4 Rxc3 29. Nxf6+ Kf7 30. Rxc3 Qxd4 31. Rf3 Bd1 32. Qxh7 Qxf6 33. g8Q# 1-0

[Event "Balaguer op 16th "]
[Site "Balaguer"]
[Date "2011.07.18"]
[Round "2"]
[White "Gomez Ledo, Roberto Carlos"]
[Black "Gensana Berzunces, Joan"]
[Result "1-0"]
[WhiteElo "2428"]
[BlackElo "2013"]
[PlyCount "57"]
[EventDate "2011.07.17"]
[EventType "swiss"]
[EventRounds "9"]
[EventCountry "ESP"]
[SourceTitle "EXT 2012"]
[Source "ChessBase"]
[SourceDate "2011.11.24"]
[SourceVersion "1"]
[SourceVersionDate "2011.11.24"]
[SourceQuality "1"]

1. d4 Nf6 2. c4 e6 3. Nc3 Bb4 4. e3 c5 5. Nf3 Nc6 6. Bd3 d5 7. 0-0 0-0 8. a3 Bxc3 9. bxc3 dxc4 10. Bxc4 Qc7 11. h3 e5 12. Ba2 cxd4 13. cxd4 h6 14. dxe5 Nxe5 15. Bb2 Nxf3+ 16. Qxf3 Nh7 17. Rfc1 Qe7 18. Bd4 Rd8 19. Qg3 Ng5 20. Rc7 Rd7 21. Rac1 Rxc7 22. Rxc7 Qf8 23. Bc5 Qd8 24. Be7 Qd1+ 25. Kh2 Qa1 26. Bxg5 Qxa2 27. Bxh6 Qb2 28. Bf4 Be6 29. Be5 1-0

[Event "Lleida-ch Seniors"]
[Site "Lleida"]
[Date "2010.12.18"]
[Round "6"]
[White "Gensana Berzunces, Joan"]
[Black "Badia Torra, Jaume"]
[Result "1/2-1/2"]
[WhiteElo "2007"]
[BlackElo "1914"]
[PlyCount "35"]
[EventDate "2010.10.30"]
[EventType "swiss"]
[EventRounds "6"]
[EventCountry "ESP"]
[SourceTitle "EXT 2015"]
[Source "ChessBase"]
[SourceDate "2014.11.20"]
[SourceVersion "1"]
[SourceVersionDate "2014.11.20"]
[SourceQuality "1"]

1. e4 c5 2. Nf3 d6 3. d4 cxd4 4. Nxd4 Nf6 5. f3 e6 6. c4 Be7 7. Nc3 a6 8. Be3 0-0 9. Qd2 Nc6 10. Be2 Bd7 11. 0-0 Qc7 12. Rac1 Rac8 13. Nd5 Qd8 14. Nxe7+ Nxe7 15. Rfd1 Ne8 16. b3 a5 17. c5 d5 18. Nb5 1/2-1/2

[Event "Balaguer op 13th"]
[Site "Balaguer"]
[Date "2008.07.14"]
[Round "1"]
[White "Bruzon Batista, Lazaro"]
[Black "Gensana Berzunces, Joan"]
[Result "1-0"]
[WhiteElo "2592"]
[BlackElo "2016"]
[PlyCount "45"]
[EventDate "2008.07.14"]
[EventType "swiss"]
[EventRounds "10"]
[EventCountry "ESP"]
[SourceTitle "CBM 125 Extra"]
[Source "ChessBase"]
[SourceDate "2008.09.01"]
[SourceVersion "1"]
[SourceVersionDate "2008.09.01"]
[SourceQuality "1"]

1. e4 e5 2. Nf3 Nf6 3. Nxe5 d6 4. Nf3 Nxe4 5. d4 d5 6. Bd3 Bg4 7. 0-0 f5 8. c4 Bd6 9. Nc3 Nxc3 10. bxc3 0-0 11. cxd5 Nd7 12. h3 Bh5 13. Re1 f4 14. Rb1 b6 15. c4 g5 16. Bc2 Qf6 17. c5 Bxf3 18. Qxf3 bxc5 19. dxc5 Nxc5 20. Bb2 Qh6 21. Qc3 Kf7 22. Ba3 Qf6 23. Qc4 1-0

[Event "Catalunya-chT"]
[Site "Spain"]
[Date "1999.??.??"]
[Round "1"]
[White "Gensana Berzunces, Joan"]
[Black "Mundet Riera, Jaume"]
[Result "1/2-1/2"]
[WhiteElo "2080"]
[BlackElo "2240"]
[PlyCount "73"]
[EventDate "1999.??.??"]
[EventType "team"]
[EventRounds "9"]
[EventCountry "ESP"]
[SourceTitle "EXT 2000"]
[Source "ChessBase"]
[SourceDate "1999.11.16"]
[SourceVersion "1"]
[SourceVersionDate "1999.11.16"]
[SourceQuality "1"]

1. e4 e5 2. Nf3 Nc6 3. Bb5 a6 4. Bxc6 dxc6 5. d4 exd4 6. Qxd4 Qxd4 7. Nxd4 c5 8. Ne2 Bd7 9. Nbc3 0-0-0 10. 0-0 Bc6 11. Bf4 Be7 12. Rad1 Nf6 13. Ng3 g6 14. f3 Rxd1 15. Rxd1 Rd8 16. Rxd8+ Kxd8 17. Bg5 Kd7 18. Kf2 Ng4+ 19. fxg4 Bxg5 20. Nd5 Bxd5 21. exd5 Bh4 22. Kf3 Bxg3 23. hxg3 Kd6 24. Ke4 f6 25. c4 b5 26. b3 h6 27. cxb5 axb5 28. a4 c4 29. bxc4 bxc4 30. Kd4 c3 31. Kxc3 Kxd5 32. Kb4 Kd4 33. a5 c5+ 34. Kb3 Kd3 35. Kb2 Kd2 36. Kb3 Kd3 37. Kb2 1/2-1/2

[Event "Mollerussa op-A"]
[Site "Mollerusa"]
[Date "1997.??.??"]
[Round "5"]
[White "Gensana Berzunces, Joan"]
[Black "Quintas Galeano, Lluis"]
[Result "1/2-1/2"]
[WhiteElo "2095"]
[BlackElo "2050"]
[PlyCount "82"]
[EventDate "1997.??.??"]
[EventType "swiss"]
[EventRounds "9"]
[EventCountry "ESP"]
[SourceTitle "EXT 2003"]
[Source "ChessBase"]
[SourceDate "2002.11.25"]
[SourceVersion "1"]
[SourceVersionDate "2002.11.25"]
[SourceQuality "1"]

1. e4 e5 2. Nf3 Nc6 3. Bb5 a6 4. Ba4 Nf6 5. 0-0 Be7 6. Re1 b5 7. Bb3 0-0 8. a4 b4 9. c3 d5 10. d3 dxe4 11. dxe4 Qxd1 12. Bxd1 Bb7 13. cxb4 Bxb4 14. Bd2 Rfe8 15. Bc3 Rad8 16. Bc2 Bc5 17. h3 Nb4 18. Bxb4 Bxb4 19. Nc3 h6 20. a5 Rd6 21. Ra4 c5 22. Re2 Bc6 23. Ra1 Bb5 24. Nxb5 axb5 25. a6 Ra8 26. Nxe5 c4 27. b3 Bc3 28. Nxc4 bxc4 29. Rb1 Rdxa6 30. bxc4 Ra1 31. Rxa1 Rxa1+ 32. Kh2 Ra2 33. e5 Bxe5+ 34. f4 Bxf4+ 35. g3 Bxg3+ 36. Kxg3 Ra3+ 37. Kg2 Rc3 38. Rd2 Kf8 39. Bd3 Nh5 40. Bf1 Nf4+ 41. Kh2 Ke7 1/2-1/2